El impacto tributario en las relaciones económicas entre Chile y España: de la globalización y la reforma

Gespeichert in:
Bibliographische Detailangaben
Hauptverfasser: Yáñez Villanueva, Felipe (VerfasserIn), Arrieta Martínez de Pisón, Juan (VerfasserIn), Endress Gómez, Sergio (VerfasserIn), Gárate, Cristián (VerfasserIn), Jiménez-Valladolid, Domingo (VerfasserIn), Marín-Barnuevo Fabo, Diego Francisco (VerfasserIn), Martínez Sánchez, César (VerfasserIn), Vega Borrego, Félix Alberto (VerfasserIn)
Format: Buch
Sprache:Spanisch
Veröffentlicht: Santiago Universidad de los Andes 2015
Ausgabe:1a. ed
Schriftenreihe:Cuadernos de Extensión Jurídica, 26
Schlagworte:
Tags: Tag hinzufügen
Keine Tags, Fügen Sie den ersten Tag hinzu!

MARC

LEADER 00000cam a2200000 a 4500
001 UCD6552
003 CL-VaPUC
008 161216e20150000cl |||||||||||||||||spa|d
020 |a 9789567160907 
082 0 4 |a 343.04  |b YAÑ  |2 21 
100 0 |a Yáñez Villanueva, Felipe  |e author  |9 590401 
700 0 |a Arrieta Martínez de Pisón, Juan  |e author  |9 590402 
700 0 |a Endress Gómez, Sergio  |e author  |9 590403 
700 0 |a Gárate, Cristián  |e author  |9 590404 
700 0 |a Jiménez-Valladolid, Domingo  |e author  |9 590405 
700 0 |a Marín-Barnuevo Fabo, Diego Francisco  |e author  |9 590406 
700 0 |a Martínez Sánchez, César  |e author  |9 590407 
700 0 |a Vega Borrego, Félix Alberto  |e author  |9 590408 
245 1 3 |a El impacto tributario en las relaciones económicas entre Chile y España: de la globalización y la reforma 
250 |a 1a. ed 
300 |a 220 p 
942 |c BK 
945 |d 20161216 10:21:00  |a arojas 
260 |a Santiago  |b Universidad de los Andes  |c 2015 
650 0 |a Derecho tributario  |9 258895 
650 7 |a RELACIONES ECONOMICAS  |2 CL-VaPUC  |9 373743 
650 0 |a Reforma tributaria   |9 337444 
650 0 |a Globalización  |9 361930 
651 7 |a CHILE  |2 CL-VaPUC  |9 590409 
651 0 |a España  |9 254926 
583 |a last modification  |c 20161216 04:56:44  |k Rodrigo Vera 
490 0 |a Cuadernos de Extensión Jurídica, 26 
999 |c 366841  |d 366839 
952 |0 0  |1 0  |3 erb  |4 0  |6 343_040000000000000_YAÑ_2015  |7 0  |8 A  |9 481395  |a BIBDER  |b BIBDER  |i 5356083  |o 343.04 YAÑ 2015  |p 5356083  |r 2023-01-25  |w 2019-11-24  |y BK  |z Catalogado en:20161216  |k DER